| 000 | 00420nam a22001337a 4500 | ||
|---|---|---|---|
| 008 | 150716b xxu||||| |||| 00| 0 eng d | ||
| 050 | _aSPC DT 2871. A4 | ||
| 100 |
_aSouthern Rhodesia Government _98753 |
||
| 245 | _aThe African in Southern Rhodesia | ||
| 260 |
_aLondon _bHigh Commissioner for Southern Rhodesia _c1952 |
||
| 300 | _anos. 1-6 | ||
| 650 |
_aZimbabawe _xSocial conditions _918332 |
||
| 942 |
_2lcc _cMONOGRAPH |
||
| 999 |
_c122979 _d122979 |
||